Viaje literario por América Latina / (Record no. 77574)

MARC details
000 -LEADER
campo de control de longitud fija 00822nam a2200253 i 4500
001 - NÚMERO DE CONTROL
campo de control 77574
003 - IDENTIFICADOR DE NÚMERO DE CONTROL
campo de control ES-MaACL
005 - FECHA Y HORA DE LA ÚLTIMA TRANSACCIÓN
campo de control 20230906173300.0
007 - CAMPO FIJO DE DESCRIPCIÓN FÍSICA--INFORMACIÓN GENERAL
campo de control de longitud fija t|
008 - DATOS DE LONGITUD FIJA--INFORMACIÓN GENERAL
campo de control de longitud fija 041021s2000 sp ||||1| spa d
020 ## - NÚMERO INTERNACIONAL ESTÁNDAR DEL LIBRO
Número Internacional Estándar del Libro 84-95359-14-6
080 ## - NÚMERO DE LA CLASIFICACIÓN DECIMAL UNIVERSAL
Número de la Clasificación Decimal Universal 821.134.2(7/8).09"19"
100 1# - ENTRADA PRINCIPAL--NOMBRE DE PERSONA
Nombre de persona Varanini, Francesco.
9 (RLIN) 113116
245 10 - MENCIÓN DEL TÍTULO
Título Viaje literario por América Latina /
Mención de responsabilidad, etc. Francesco Varanini ; traducción de Attilio Pentimalli.
250 ## - MENCION DE EDICION
Mención de edición 1ª ed. en el Acantilado.
260 ## - PUBLICACIÓN, DISTRIBUCIÓN, ETC.
Lugar de publicación, distribución, etc. Barcelona :
Nombre del editor, distribuidor, etc. El Acantilado,
Fecha de publicación, distribución, etc. 2000.
300 ## - DESCRIPCIÓN FÍSICA
Extensión 831 p. ;
Dimensiones 22 cm.
490 1# - MENCIÓN DE SERIE
Mención de serie Acantilado ;
Designación de volumen o secuencia 24
650 14 - PUNTO DE ACCESO ADICIONAL DE MATERIA--TÉRMINO DE MATERIA
Término de materia o nombre geográfico como elemento de entrada Literatura hispanoamericana-
Subdivisión cronológica S.XX-
Subdivisión general Historia y crítica.
9 (RLIN) 14614
700 1# - ENTRADA AGREGADA--NOMBRE PERSONAL
Nombre de persona Pentimalli, Attilio.
9 (RLIN) 90196
830 0# - PUNTO DE ACCESO ADICIONAL DE SERIE-TÍTULO UNIFORME
Título uniforme Acantilado ;
Designación de volumen o secuencia 24
9 (RLIN) 182222
852 ## - LOCALIZACIÓN
Ubicación ES-MaACL
Número de control de estantería L-28334
Sublocalización o colección R.134249
Holdings
Estatus retirado Estado de pérdida Estado de daño No para préstamo Biblioteca de origen Biblioteca actual Ubicación en estantería Fecha de adquisición Fuente de adquisición Total de préstamos Signatura topográfica completa Código de barras Visto por última vez Precio de reemplazo Tipo de ítem Koha
        Biblioteca del Ateneo de Madrid Biblioteca del Ateneo de Madrid Depósito 2 17/01/2008     L-28334 1081161 23/02/2023 23/02/2023 Libro impreso